000 00657nam a2200229Ia 4500
008 180523s9999 xx 000 0 und d
020 _a0-07-143008-3
050 _aMAIN TS 156.17
050 _b.S59B78 2006
100 _aBrue, Greg.
245 4 _aThe McGraw-Hill 36-hour course six sigma /
245 0 _cGreg Brue, Rod Howes.
260 _aNew York :
260 _bMcGraw-Hill,
260 _c2006
300 _a420 pages :
300 _c23 cm.
500 _aIncludes index.
650 _aProduction management -- Statistical methods.
650 _aSix sigma (Quality control standard).
650 _xQuality control -- Statistical methods.
999 _c357719
_d357719